Roña (Record no. 441)

MARC details
000 -LEADER
campo de control de longitud fija 00401nam a22001457a 4500
008 - DATOS DE LONGITUD FIJA--INFORMACIÓN GENERAL
campo de control de longitud fija 150304b xxu||||| |||| 00| 0 eng d
020 ## - NÚMERO INTERNACIONAL ESTÁNDAR DEL LIBRO
Número Internacional Estándar del Libro 9789871073641
082 ## - NÚMERO DE LA CLASIFICACIÓN DECIMAL DEWEY
Número de clasificación AR861.7
Número de ítem S676r
100 ## - ENTRADA PRINCIPAL--NOMBRE DE PERSONA
Nombre de persona Soares, Lucas
9 (RLIN) 2133
245 ## - MENCIÓN DEL TÍTULO
Título Roña
Mención de responsabilidad, etc. Lucas Soares
260 ## - PUBLICACIÓN, DISTRIBUCIÓN, ETC.
Lugar de publicación, distribución, etc. Argentina
Nombre del editor, distribuidor, etc. Ediciones VOX
Fecha de publicación, distribución, etc. 2013
300 ## - DESCRIPCIÓN FÍSICA
Extensión 40 p.
Dimensiones 21 cm
650 ## - PUNTO DE ACCESO ADICIONAL DE MATERIA--TÉRMINO DE MATERIA
Término de materia o nombre geográfico como elemento de entrada Literatura
Subdivisión general Poesia
Subdivisión geográfica Argentina
9 (RLIN) 2134
700 ## - ENTRADA AGREGADA--NOMBRE PERSONAL
Nombre de persona Soares, Lucas
9 (RLIN) 2135
Holdings
Estatus retirado Estado de pérdida Fuente del sistema de clasificación o colocación Estado de daño No para préstamo Biblioteca de origen Biblioteca actual Ubicación en estantería Fecha de adquisición Total de préstamos Signatura topográfica completa Código de barras Visto por última vez Precio de reemplazo Tipo de ítem Koha
    Clasificación Decimal Dewey     Biblioteca LadoV Biblioteca LadoV   04/03/2015   AR861.7 S676r 004025 04/03/2015 04/03/2015 Material 01